| 000 | 00542pab a2200193 454500 | ||
|---|---|---|---|
| 008 | 180718b2010 xxu||||| |||| 00| 0 eng d | ||
| 100 | _aRaihan, Selim | ||
| 245 | _aInformal sector in Bangladesh: Implications for growth and poverty | ||
| 260 | _c2010 | ||
| 300 | _ap.251-265. | ||
| 362 | _aApr-Jun | ||
| 650 | _aPoverty - Bangladesh | ||
| 650 | _aEconomic growth - Bangladesh | ||
| 650 | _aInformal sector - Bangladesh | ||
| 650 | _aInformal sector | ||
| 773 | _aIndian Journal of Labour Economics | ||
| 908 | _aN | ||
| 909 | _a90286 | ||
| 999 |
_c90286 _d90286 |
||